Micho 2: educación infantil, globalizado 3er trimestre

Bewaard in:
Bibliografische gegevens
Hoofdauteurs: Martínez Belinchón, Pilar (autora), Sahuquillo Sahuquillo, María Isabel (Auteur), García García, Felisa (Auteur)
Formaat: Boek
Taal:Spaans
Gepubliceerd in: Madrid Bruño 1994
Onderwerpen:
Tags: Voeg label toe
Geen labels, Wees de eerste die dit record labelt!

MARC

LEADER 00000nam a2200000 a 4500
001 UCP5236
003 CL-VaPUC
008 990903e19940000SP |||||||||||||||||spa|d
082 0 4 |a 372.41  |b MAR  |2 21 
100 |a Martínez Belinchón, Pilar  |e autora  |9 463381 
700 0 |a Sahuquillo Sahuquillo, María Isabel  |e author  |9 433463 
700 0 |a García García, Felisa  |e author  |9 433464 
245 1 0 |a Micho 2: educación infantil, globalizado 3er trimestre 
300 |a 130 p 
942 |c BK 
945 |d 19990903 00:00:00  |a cmena 
260 |a Madrid  |b Bruño  |c 1994 
650 0 |a Educación básica   |9 224933 
650 0 |a Enseñanza del lenguaje  |9 373325 
650 0 |a Lectoescritura  |9 309175 
650 0 |a Métodos de enseñanza  |9 270413 
583 |a last modification  |c 19990903 00:00:00  |k Rodrigo Vera 
999 |c 283010  |d 283008 
952 |0 0  |1 0  |4 0  |6 372_410000000000000_MAR_1994  |7 0  |8 A  |9 325749  |a BIBEDU  |b BIBEDU  |d 2019-11-20  |i 3540251  |o 372.41 MAR 1994  |p 3540251  |r 2019-11-20  |w 2019-11-20  |y BK  |k BME